000 00712cam a22002537a 4500
999 _c7199
_d7199
001 735738
003 GBCCL
005 20241126110622.0
008 980902s1997 mou 000 0 eng
010 _a 98191228
020 _a0570096863
040 _aDLC
_cDLC
050 0 0 _aMLCM 98/02983 (B)
082 _a269.2
_bSIM
100 1 _aSims, Carolyn.
_912751
245 1 0 _aWinning friends for Christ /
_cby Carolyn Sims.
260 _aSt. Louis, MO :
_bConcordia Pub. House,
_cc1997.
300 _a96 p. ;
_c23 cm.
490 1 _aNew life series
830 0 _aNew life series (St. Louis, Mo.)
_912752
906 _a7
_bcbc
_corignew
_du
_encip
_f19
_gy-gencatlg
942 _2ddc
_cBK
_02